000 00436nam a2200181Ia 4500
001 7593
005 20260306160506.0
008 260306t1998||||xx |||||||||||||| ||spa||
041 _aESP
082 _a352
_bQ37
100 _aQuevedo Aguilera, Wilberto
_eAUT
245 0 _aEnfoque gerencial de la municipalidad
260 _c1998
300 _a397 páginas :
_c21 cm.
650 _aGEN
654 _aCAN
942 _cLIB
_dJUS
_fJUS
_2ddc
_n
999 _c7593
_d7593